logo

Bir Sreshtho Munshi Abdur Rouf Library
Jhenaidah Cadet College

বীরাঙ্গনা সমগ্র / (Record no. 12108)

MARC details
000 -LEADER
fixed length control field 00765nam a2200241 a 4500
001 - CONTROL NUMBER
JCCL Control Number 12108
003 - CONTROL NUMBER IDENTIFIER
JCCL marc code BD-JhCC
005 - DATE AND TIME OF LATEST TRANSACTION
control field 20210315112913.0
008 - FIXED-LENGTH DATA ELEMENTS--GENERAL INFORMATION
fixed length control field 210315b2018 bg a|||| ||a| 000 0 mul d
020 ## - INTERNATIONAL STANDARD BOOK NUMBER
International Standard Book Number 9789845261869
035 ## - SYSTEM CONTROL NUMBER
system control number (BD-JhCC)12108
040 ## - CATALOGING SOURCE
Original cataloging agency BD-JhCC
Modifying agency BD-JhCC
041 ## - LANGUAGE CODE
Language code of Book Mul
082 ## - DEWEY DECIMAL CLASSIFICATION NUMBER
Classification number 954.1
Author mark and Year JAH 2018
100 ## - MAIN ENTRY--PERSONAL NAME
Personal name জাহিদ,সুরমা
245 ## - TITLE STATEMENT
Title বীরাঙ্গনা সমগ্র /
Statement of responsibility, etc সুরমা জাহিদ ।
260 ## - PUBLICATION, DISTRIBUTION, ETC. (IMPRINT)
Place of publication, distribution, etc ঢাকা:
Name of publisher, distributor, etc অনিন্দ্য প্রকাশ;
Date of publication, distribution, etc ২০১৮.
300 ## - PHYSICAL DESCRIPTION
Pagination 368 p. :
Other physical details ill;
Dimensions 24 cm
500 ## - GENERAL NOTE
General note (তৃতীয় খন্ড,চতুর্থ খন্ড)
650 ## - SUBJECT ADDED ENTRY--TOPICAL TERM
Topical term or geographic name as entry element Birangona
Geographic subdivision Bangladesh
942 ## - ADDED ENTRY ELEMENTS (KOHA)
Source of classification or shelving scheme Dewey Decimal Classification
Koha item type Books
Holdings
Source of classification or shelving scheme volume number Damaged status Not for loan Home library Current library Shelving location Date of accession Source of acquisition Cost, normal purchase price Total Checkouts Full call number Barcode Date last seen Copy number Koha item type
Dewey Decimal Classification V-3     JCC Rouf Library JCC Rouf Library General Stacks 03/15/2021 Lt. Gen. Mahfuzur Rahman (10th intake) 750.00   954.1 JAH 2018 16509 03/15/2021 C-1 Books
Dewey Decimal Classification V-4     JCC Rouf Library JCC Rouf Library General Stacks 03/15/2021 Lt. Gen. Mahfuzur Rahman (10th intake) 750.00   954.1 JAH 2018 16510 03/15/2021 C-1 Books
Dewey Decimal Classification V-1     JCC Rouf Library JCC Rouf Library General Stacks 03/23/2021 Lt. Gen. Mahfuzur Rahman (10th intake) 750.00   954.1 JAH 2018 16303 03/23/2021 C-1 Books
Dewey Decimal Classification V-2     JCC Rouf Library JCC Rouf Library General Stacks 03/23/2021 Lt. Gen. Mahfuzur Rahman (10th intake) 750.00   954.1 JAH 2018 16304 03/23/2021 C-1 Books

JCC Library | Contacts | JCC Home

Last Update on 23 September 2017
Copyright @ 2017-2020 JCC Rouf Library
Rouf Library, Jhenidah Cadet College (JCC), Bangladesh